LIBRARY & INFORMATION CENTRE, KCAET, TAVANUR

ONLINE PUBLIC ACCESS CATALOGUE (OPAC)

Monthly water balance model for lateritic hill slope - a case study (Record no. 15259)

MARC details
000 -LEADER
fixed length control field 00590nam a22001697a 4500
003 - CONTROL NUMBER IDENTIFIER
control field OSt
088 ## - REPORT NUMBER
Report number T 55
100 ## - MAIN ENTRY--AUTHOR NAME
Personal name BEENA THOMAS
245 ## - TITLE STATEMENT
Title Monthly water balance model for lateritic hill slope - a case study
260 ## - PUBLICATION, DISTRIBUTION, ETC. (IMPRINT)
Place of publication Tavanur 1996
Name of publisher Kelappaji College of Agricultural Engineering and Technology
300 ## - PHYSICAL DESCRIPTION
Number of Pages 109
500 ## - GENERAL NOTE
General note Monthly water balance model for lateritic hill slope - a case study
520 ## - SUMMARY, ETC.
Summary, etc Monthly water balance model for lateritic hill slope - a case study
700 ## - ADDED ENTRY--PERSONAL NAME
Personal name Er. Noble Abraham (Guide)
942 ## - ADDED ENTRY ELEMENTS (KOHA)
Koha item type Theses
Holdings
Collection code Home library Current library Shelving location Full call number Accession Number Koha item type Public note
Reference KAUAET KAUAET Reference 631.75807 BEE/MO T 55 Theses M.Tech Thesis
free website counter